000 02790nam a22004697a 4500
001 DVD-007441-449
005 20110819145632.0
007 sd fsngnnmmned
008 020603s2002 ii sgn | ef 00| 0 urd
010 _aDVD-007441-449
024 _aTDIGH 014C
_c295.00
028 0 2 _aTDIGH 014C
_bTimes Music
035 _aDVD-007441-449
040 _aDPL
_cDPL
_dDPL
082 _aDVD ABID
100 0 _aʻĀbidah Parvīn,
_933223
245 1 0 _aAbida mere dil se
_h[sound recording] :
_btimeless music-- .
260 _aMumbai :
_bTimes Music,
_cc2003.
300 _a1 sound disc :
_bdigital ;
_c4 3/4 in. +
_e1 booklet.
500 _aUrdu ghazals.
500 _a"Music arrangements, Bhavdeep Jaipurwale"--Container.
500 _aCompact disc.
500 _aProduction level cataloging.
505 0 _aMain naraye mastana-Jis din ke saajan-Tu ne diwana banaya-Preetam mat pardes-ajab nain tere-hairan hua hairan hua-hum ko pasand yaar ki
538 _aDVD
546 _aSung in Urdu.
650 0 _aGhazals, Urdu
_zPakistan.
_933224
650 0 _aVocal music
_zPakistan.
_933225
700 1 _aJaipuria, Bhavdeep
_933226
942 _2ddc
_cEN
_hDVD
_mABID
999 _c55722
_d55722